A vida de um artista em Florença, na época do Renascimento (Registo nº 4068)

Detalhes MARC
000 -Etiqueta do registo
Cabeçalho 00750cam a2200253 4500
005 - Identificador da versão
Campo de controlo 20240813122052.0
095 ## -
-- PTBN00041980
100 ## - Dados gerais de processamento
Dados gerais de processamento 19850401d1985 km y0pory5003 ba
102 ## - Pais de publicação ou produção
País de publicação Portugal
101 1# - Língua de publicação
Língua do texto, banda sonora, etc. Português
215 ## - Descrição física 
Indicação específica da natureza do documento e extensão da espécie 57, [4] p.
Outras indicações físicas muito il.
Dimensões 29 cm
200 1# - Titulo e menção de responsabilidade
Título próprio A vida de um artista em Florença, na época do Renascimento
Primeira menção de responsabilidade Pauline J. Despois
Outras menções de responsabilidade il. Achille Picco
-- trad. Rita Veiga
225 1# - Colecção 
Título próprio da colecção Vida quotidiana
Indicação de volume 4
210 ## - Publicação, Distribuição, etc. 
Lugar da edição, distribuição, etc. Lisboa
Nome do editor, distribuidor, etc. Verbo
Data da publicação, distribuição, etc. imp. 1985
675 ## - Classificação Decimal Universal (CDU)
Notação 087.5
Edição med
Língua da edição por
Notação 908.5
Edição med
Língua da edição por
702 #1 - Nome de autor-pessoa física (responsabilidade secundária)
Número de registo de entrada de autoridade 0000596
Palavra de ordem Veiga
Outra parte do nome não tomada para palavra de ordem Rita
Código de função Tradutor
Número de registo de entrada de autoridade 0000597
Palavra de ordem Picco
Outra parte do nome não tomada para palavra de ordem Achille
Código de função Ilustrador / Técnico de desenho computorizado
700 #1 - Nome de autor-pessoa física (responsabilidade principal)
Número de registo de entrada de autoridade 0000595
Palavra de ordem Despois
Outra parte do nome não tomada para palavra de ordem Jean
942 ## - Elementos de entrada adicionados (Koha)
Tipo de item no Koha Livro
Exemplares
Situação do levantamento Origin of item (home branch) (coded) Biblioteca de empréstimo Código de barras Cota Circulation type (not for loan) Tipo de documento Nota do exemplar Damaged status
  Biblioteca Escolar das Vendas Biblioteca Escolar das Vendas BEV822 9BIO DES   Livro Sem mensagem